| 000 | 01034nam a22002537a 4500 | ||
|---|---|---|---|
| 005 | 20170613104411.0 | ||
| 010 | _a1617EN ENG-116998 | ||
| 020 |
_a9788126560691 _c299.00 |
||
| 035 | _aB-651007-36 | ||
| 035 | _aEN-100530 | ||
| 035 | _aB-667458 | ||
| 037 | _bBSB | ||
| 037 | _bDBAD/PUB | ||
| 082 | _a000 | ||
| 245 |
_aCTET exam goalpost: _cby _bpaper-1- class-i-v: all subjects / |
||
| 260 |
_c2016 _aNew Delhi _bJohn Wiley |
||
| 270 |
_a4435-36/7, Ansari Road,Daryaganj _bNew Delhi _e110002 |
||
| 300 |
_c25cm(pbk) _axii,337p _bill. |
||
| 500 | _aSolved Papers& mock tests with complete solutions not just answer key | ||
| 500 | _aincludes index | ||
| 942 |
_cEN _2ddc _h000 _mCTE |
||
| 999 |
_c101866 _d101866 |
||